[Event "HUN-ch U10/14 Girls"]
[Site "Buek"]
[Date "2023.06.25"]
[Round "9"]
[White "Biro, Csilla"]
[Black "Kiss, Inez"]
[Result "0-1"]
[WhiteElo "1283"]
[BlackElo "1599"]
[PlyCount "62"]
[EventDate "2023.06.17"]
[EventType "swiss"]
[EventRounds "9"]
[EventCountry "HUN"]
[SourceTitle "CBM 215 Extra"]
[Source "ChessBase"]
[SourceDate "2023.09.30"]
[SourceVersion "1"]
[SourceVersionDate "2023.09.30"]
[SourceQuality "1"]

1. d4 d5 2. c3 Nf6 3. e3 e6 4. f4 c5 5. Nf3 Nc6 6. Nbd2 Be7 7. Ne5 Nxe5 8. fxe5 Nd7 9. Bd3 Bh4+ 10. g3 Bg5 11. Nf3 Bh6 12. Bd2 f6 13. Bb5 0-0 14. Bxd7 Qxd7 15. dxc5 Qb5 16. b4 Qd3 17. Qe2 Qe4 18. exf6 Rxf6 19. 0-0 e5 20. Rf2 Bg4 21. Raf1 Raf8 22. Kg2 Qf5 23. Bc1 Qh5 24. a3 e4 25. Qd2 Bh3+ 26. Kg1 Bxf1 27. Rxf1 Rxf3 28. Rxf3 Qxf3 29. Qe1 g6 30. b5 Bg7 31. c6 Bxc3 0-1

[Event "Wch U12 Girls"]
[Site "Batumi"]
[Date "2022.09.25"]
[Round "9"]
[White "Enkhuyanga, Gantsolmon"]
[Black "Kiss, Inez"]
[Result "1-0"]
[WhiteElo "1301"]
[BlackElo "1544"]
[PlyCount "111"]
[EventDate "2022.09.16"]
[EventType "swiss"]
[EventRounds "11"]
[EventCountry "GEO"]
[SourceTitle "EXT 2023"]
[Source "ChessBase"]
[SourceDate "2022.10.05"]
[SourceVersion "1"]
[SourceVersionDate "2022.10.05"]
[SourceQuality "1"]

1. Nf3 d5 2. c4 e6 3. g3 c6 4. Bg2 Nf6 5. 0-0 Bd6 6. b3 0-0 7. Bb2 Nbd7 8. d4 Re8 9. Nc3 h6 10. Qc2 Qc7 11. c5 Be7 12. b4 b6 13. Rfe1 bxc5 14. bxc5 Rb8 15. Bc1 Qa5 16. Bf4 Ra8 17. Reb1 Nh5 18. Bd2 Qc7 19. Qa4 e5 20. Nxe5 Nxe5 21. dxe5 Bxc5 22. Bxd5 Bd7 23. Bxf7+ Kxf7 24. Qc4+ Re6 25. Qxc5 Rxe5 26. Qb4 c5 27. Qb7 Qd8 28. Be3 Kg8 29. Rd1 Nf6 30. Bf4 Re8 31. Rab1 Qe7 32. Bd6 Qe6 33. Bxc5 Bc6 34. Qb3 Qxb3 35. Rxb3 a6 36. f3 Rac8 37. Bd4 Nd5 38. Ne4 Ba4 39. Nd6 Bxb3 40. axb3 Rcd8 41. Nxe8 Rxe8 42. e4 Nf6 43. Bxf6 gxf6 44. Rd6 Rb8 45. Rxa6 Rxb3 46. Rxf6 Kg7 47. Rf5 Rb1+ 48. Kg2 Rb2+ 49. Kh3 Kg6 50. g4 Rf2 51. Kg3 Re2 52. h4 Ra2 53. g5 hxg5 54. hxg5 Ra6 55. Kg4 Re6 56. Rf6+ 1-0

[Event "HUN-ch U10"]
[Site "Tapolca"]
[Date "2021.08.06"]
[Round "7"]
[White "Farkas, Sara"]
[Black "Kiss, Inez"]
[Result "1/2-1/2"]
[WhiteElo "1133"]
[BlackElo "1155"]
[PlyCount "60"]
[EventDate "2021.08.01"]
[EventType "swiss"]
[EventRounds "7"]
[EventCountry "HUN"]
[SourceTitle "EXT 2022"]
[Source "ChessBase"]
[SourceDate "2021.10.06"]
[SourceVersion "1"]
[SourceVersionDate "2021.10.06"]
[SourceQuality "1"]

1. d4 d5 2. Nf3 Nf6 3. e3 c5 4. c3 cxd4 5. cxd4 Nc6 6. a3 Bg4 7. Nbd2 e6 8. Be2 Bd6 9. h3 Bh5 10. 0-0 0-0 11. b4 a6 12. Bb2 b5 13. Ne5 Bxe2 14. Qxe2 Bxe5 15. dxe5 Nd7 16. f4 Nb6 17. Rf3 Ne7 18. Bd4 Nf5 19. Bc5 Re8 20. Rd1 Nd7 21. Bd4 Rc8 22. Qe1 Rc2 23. Rc1 Qh4 24. Qd1 Rcc8 25. Rc2 Ng3 26. Kh2 Nf5 27. Qc1 Qd8 28. Rf1 Rxc2 29. Qxc2 Qc8 30. Rc1 Ne7 1/2-1/2

[Event "Budapest FS02 FM-B"]
[Site "Budapest"]
[Date "2021.02.14"]
[Round "8"]
[White "Kiss, Inez"]
[Black "Seemann, Pola"]
[Result "0-1"]
[WhiteElo "1194"]
[BlackElo "1671"]
[PlyCount "82"]
[EventDate "2021.02.06"]
[EventType "tourn"]
[EventRounds "10"]
[EventCountry "HUN"]
[SourceTitle "EXT 2022"]
[Source "ChessBase"]
[SourceDate "2021.10.06"]
[SourceVersion "1"]
[SourceVersionDate "2021.10.06"]
[SourceQuality "1"]

1. e4 e5 2. Nf3 Nc6 3. Bb5 a6 4. Bxc6 dxc6 5. Nc3 f6 6. 0-0 Bg4 7. h3 Bh5 8. d3 Qd7 9. Nxe5 Bxd1 10. Nxd7 Bxc2 11. Nxf8 Kxf8 12. d4 Bd3 13. Rd1 Bc4 14. Bf4 Rc8 15. b3 Be6 16. f3 Ne7 17. Kf2 Kf7 18. Na4 b6 19. Rac1 g5 20. Bg3 h5 21. Nc3 Rhd8 22. Rd2 Kg7 23. Rcd1 Rd7 24. d5 cxd5 25. exd5 Bf7 26. Ke3 Rcd8 27. Ke4 Bg6+ 28. Ke3 Bf7 29. Ke4 f5+ 30. Ke5 f4 31. Bf2 Bg6 32. d6 Nc6+ 33. Ke6 cxd6 34. Rxd6 Bf7+ 35. Kf5 Rxd6 36. Re1 Rf6+ 37. Kxg5 Rd2 38. Bxb6 Rxg2+ 39. Kh4 Re6 40. Rd1 Ne7 41. Bd4+ Kh7 0-1

[Event "Budapest FS02 FM-B"]
[Site "Budapest"]
[Date "2021.02.07"]
[Round "2"]
[White "Kiss, Inez"]
[Black "Ochedzan, Filip"]
[Result "0-1"]
[WhiteElo "1194"]
[BlackElo "1595"]
[PlyCount "56"]
[EventDate "2021.02.06"]
[EventType "tourn"]
[EventRounds "10"]
[EventCountry "HUN"]
[SourceTitle "EXT 2022"]
[Source "ChessBase"]
[SourceDate "2021.10.06"]
[SourceVersion "1"]
[SourceVersionDate "2021.10.06"]
[SourceQuality "1"]

1. e4 c5 2. Nf3 d6 3. d4 cxd4 4. Nxd4 Nf6 5. Nc3 a6 6. Bg5 e6 7. Be2 Be7 8. Qd2 Qc7 9. 0-0-0 b5 10. Bf3 Bb7 11. h4 Nbd7 12. Nb3 Rc8 13. g3 b4 14. Ne2 Nxe4 15. Bxe4 Bxe4 16. Rhe1 Bxc2 17. Rf1 Ne5 18. Rde1 Nd3+ 19. Qxd3 Bxd3+ 20. Kd2 Bxg5+ 21. hxg5 Qc2+ 22. Ke3 Bf5 23. Ned4 Qd3+ 24. Kf4 e5+ 25. Rxe5+ dxe5+ 26. Kxe5 Qe4+ 27. Kd6 Qe7+ 28. Kd5 Be4# 0-1

[Event "Budapest FS02 FM-B"]
[Site "Budapest"]
[Date "2021.02.06"]
[Round "1"]
[White "Mayer, Istvan"]
[Black "Kiss, Inez"]
[Result "1-0"]
[WhiteElo "1823"]
[BlackElo "1194"]
[PlyCount "59"]
[EventDate "2021.02.06"]
[EventType "tourn"]
[EventRounds "10"]
[EventCountry "HUN"]
[SourceTitle "EXT 2022"]
[Source "ChessBase"]
[SourceDate "2021.10.06"]
[SourceVersion "1"]
[SourceVersionDate "2021.10.06"]
[SourceQuality "1"]

1. e4 c6 2. d4 d5 3. Nc3 dxe4 4. Nxe4 Bf5 5. Ng3 Bg6 6. Nf3 Nd7 7. h4 h6 8. h5 Bh7 9. Bd3 Bxd3 10. Qxd3 Qc7 11. Bd2 e6 12. 0-0-0 Ngf6 13. c4 0-0-0 14. Kb1 Bd6 15. Ne4 Nxe4 16. Qxe4 Nf6 17. Qc2 Kb8 18. Rh4 Rhe8 19. c5 Be7 20. Bf4 Bd6 21. cxd6 Qd7 22. Ne5 Qc8 23. d7 Nxd7 24. Nxd7+ Ka8 25. Nc5 Rd5 26. Be3 Qd8 27. Rf4 Rf8 28. Rc1 Qb6 29. Nxe6 Re8 30. Nxg7 1-0

[Event "HUN-ch U10 Girls"]
[Site "Tapolca"]
[Date "2020.08.19"]
[Round "7"]
[White "Polgar, Szilvia"]
[Black "Kiss, Inez"]
[Result "1-0"]
[WhiteElo "1065"]
[BlackElo "1176"]
[PlyCount "51"]
[EventDate "2020.08.15"]
[EventType "swiss"]
[EventRounds "7"]
[EventCountry "HUN"]
[SourceTitle "EXT 2023"]
[Source "ChessBase"]
[SourceDate "2022.10.05"]
[SourceVersion "1"]
[SourceVersionDate "2022.10.05"]
[SourceQuality "1"]
[WhiteTeam "Hungary"]
[BlackTeam "Hungary"]
[WhiteTeamCountry "HUN"]
[BlackTeamCountry "HUN"]

1. e4 c6 2. d3 d5 3. Be2 e5 4. Nf3 Nd7 5. 0-0 Ngf6 6. Bg5 h6 7. Bh4 Be7 8. Bg3 dxe4 9. dxe4 Nxe4 10. Bxe5 0-0 11. Qd3 Nxe5 12. Qxe4 Nxf3+ 13. Bxf3 Re8 14. Rd1 Bd6 15. Qd3 Re6 16. Nc3 Qc7 17. Bg4 Bxh2+ 18. Kh1 Rg6 19. Qd8+ Kh7 20. Bf5 Bxf5 21. Qxa8 Bd6 22. Re1 Be6 23. Ne4 Bd5 24. f3 Be5 25. Rad1 Bxb2 26. Nc5 1-0